000 00344nam a22001457a 4500
003 OSt
005 20160727222407.0
008 160624b xxu||||| |||| 00| 0 eng d
040 _cTest
100 _9890
_aHolt, V
245 _aThe Shivering Sands
260 _aN.Y
_b Doubleday & Com.Inc.
_c1969
300 _aThe Shivering Sands
942 _2ddc
_cBK
999 _c705
_d705